Statistics for Art Movements Quiz

Click here to take the quiz!

General Stats

  • This quiz has been taken 2,244 times
    (734 since last reset)
  • The average score is 5 of 12

Answer Stats

ArtistPaintingYearsMovement% Correct
Pablo Picasso1910s-1920sCubism
92%
Claude MonetImpressionism
89%
Salvador DaliSurrealism
88%
Jackson PollockAbstract Expressionism
79%
Andy WarholCampbell's Soup I1950s-1960sPop Art
73%
Henri MatisseFauvism
42%
Piet MondrianDe Stijl
14%
Bridget RileyMovement in Squares1950s-1980sOp Art
11%
Mark RothkoNo. 61 (Rust and Blue)1940s-1960sColor Field Painting
8%
Katsushika HokusaiUkiyo-e
5%
Grant WoodRegionalism
3%
Fernand LegerMachine Age
0%

Score Distribution

Percentile by Number Answered

Percent of People with Each Score

Your Score History

You have not taken this quiz since the last reset